Statistics for Counties of Scottish motorways

Click here to take the quiz!

General Stats

  • This quiz has been taken 19 times
  • The average score is 31 of 45

Answer Stats

QuestionTileSelect% Correct
M8GlasgowYes
100%
M8West LothianYes
100%
M8East RenfrewshireNo
92%
M77East LothianNo
85%
M8North LanarkshireYes
85%
M80AngusNo
77%
M9DundeeNo
77%
M77East AyrshireYes
77%
M8EdinburghYes
77%
M77GlasgowYes
77%
M77InverclydeNo
77%
M9MidlothianNo
77%
M90MidlothianNo
77%
M80North LanarkshireYes
77%
M90Perth and KinrossYes
77%
M9Scottish BordersNo
77%
M8South LanarkshireNo
77%
M80West LothianNo
77%
M90ClackmannanshireNo
69%
M90DundeeNo
69%
M77East RenfrewshireYes
69%
M90FalkirkNo
69%
M90FifeYes
69%
M80GlasgowYes
69%
M9Perth and KinrossNo
69%
M8RenfrewshireYes
69%
M77RenfrewshireNo
69%
M77South AyrshireNo
69%
M77South LanarkshireNo
69%
M9StirlingYes
69%
M90StirlingNo
69%
M80StirlingYes
69%
M9ClackmannanshireNo
62%
M90EdinburghYes
62%
M9FalkirkYes
62%
M8MidlothianNo
62%
M80Perth and KinrossNo
62%
M80South LanarkshireNo
62%
M9West LothianYes
62%
M9EdinburghYes
54%
M80FalkirkYes
54%
M8InverclydeNo
46%
M80East DunbartonshireNo
38%
M77North AyrshireNo
38%
M90West LothianYes
31%

Score Distribution

Percentile by Number Answered

Percent of People with Each Score

Your Score History

You have not taken this quiz